Ako si nepodpíliť konár

Príbeh prímorského mesta na Novom Zélande ako príklad zmeny paradigmy v pohľade na podnikanie. Nové slovo v podnikateľskom slovníku - resiliance. Rastúca spotreba potravín, vody, dreva, palív a vlákien a zmeny na Zemi. Kreativita - pomoc dostať sa na koľaj trvalo udržateľného rozvoja. Príklad Singap...

Descripción completa

Guardado en:
Detalles Bibliográficos
Autor principal: Orfánus, Dominik
Formato: Capítulo de libro
Lenguaje:eslovaco
Materias:
Etiquetas: Agregar Etiqueta
Sin Etiquetas, Sea el primero en etiquetar este registro!

MARC

LEADER 00000naa a2200000 4500
001 0171961
005 20231113080955.1
041 0 |a slo 
044 |a SK 
245 1 0 |a Ako si nepodpíliť konár  |c Dominik Orfánus 
520 |a Príbeh prímorského mesta na Novom Zélande ako príklad zmeny paradigmy v pohľade na podnikanie. Nové slovo v podnikateľskom slovníku - resiliance. Rastúca spotreba potravín, vody, dreva, palív a vlákien a zmeny na Zemi. Kreativita - pomoc dostať sa na koľaj trvalo udržateľného rozvoja. Príklad Singapuru, ktorý sa snaží o trvalo udržateľný rozvoj. 
610 2 0 |a ochrana prostredia životného 
610 2 0 |a rozvoj trvalo udržateľný 
610 2 0 |a kreativita 
610 2 0 |a mestá 
610 2 0 |a svet 
610 2 0 |a Nový Zéland 
610 2 0 |a Singapur 
100 1 |a Orfánus, Dominik